| 000 | 01139cam a22002771i 4500 | ||
|---|---|---|---|
| 003 | SA-RiAUC | ||
| 005 | 20250704151409.0 | ||
| 008 | 250702s1981 jo g 00000 ara c | ||
| 040 |
_aSA-RiAUC _bara _cSA-RiAUC _erda |
||
| 082 | 0 | 4 | _a240 |
| 090 |
_a240 _b ح و ي |
||
| 100 | 1 |
_aحوى، سعيد، _d1935-1989 _eمؤلف. |
|
| 245 | 1 | 0 |
_aجولات في الفقهين الكبير والأكبر وأصولهما : _bأبحاث تجيب على أهم الأسئلة في نظريات الثقافة الإسلامية / _cتأليف سعيد حوى. |
| 250 | _aالطبعة الثانية. | ||
| 264 | 1 |
_aعمان، الأردن : _bدار الأرقم، _c1981 |
|
| 300 |
_a169 صفحة ؛ _c24 سم. |
||
| 336 |
_aنص _btxt _2rdacontent _3كتاب |
||
| 337 |
_aبدون وسيط _bn _2rdamedia |
||
| 338 |
_aمجلد _bnc _2rdacarrier |
||
| 490 | 0 | _aدراسات منهجية هادفة في البناء | |
| 650 | 7 |
_aعلم الكلام _2aucsh |
|
| 650 | 7 |
_aالثقافة الإسلامية _2aucsh |
|
| 650 | 7 |
_aالفقه الإسلامي _2aucsh |
|
| 942 |
_2ddc _cBOOK _n0 |
||
| 949 |
_aSA-JeALM _d250702 _umohamedma123 _n1 |
||
| 999 |
_c9450 _d9450 |
||